| 000 | 00734nam a2200229 a 4500 | ||
|---|---|---|---|
| 001 | BRCA_4042 | ||
| 005 | 20190320204526.0 | ||
| 008 | 110210s1971----u--a######---#000-0#eng-# | ||
| 041 | _aeng | ||
| 044 | _au | ||
| 050 | 4 |
_aN527 _b.H37 2 1971 |
|
| 245 | 1 | 0 |
_aFogg Art Museum acquisitions 1969-1970 _cHarvard University. William Hayes Fogg Art Museum. |
| 260 |
_aCambridge, Massachusetts _bHarvard University _cc1971 |
||
| 300 |
_a196 p. _bil. _c22 cm. |
||
| 500 | _aVer también B244, DD47 e I147 | ||
| 500 | _aCEF39 | ||
| 650 | 1 | 4 |
_aArte _zCambridge, Massachusetts _99284 |
| 650 | 1 | 4 |
_aGalerías y museos _zEstados Unidos _97437 |
| 710 | 2 |
_aHarvard University _bWilliam Hayes Fogg Art Museum _99285 |
|
| 902 | _aGFM | ||
| 942 |
_2lcc _cB |
||
| 999 |
_c3766 _d3766 |
||